RASACHANDANSHU (Record no. 34708)

MARC details
000 -LEADER
fixed length control field 00351nam a22001577a 4500
003 - CONTROL NUMBER IDENTIFIER
control field SGT
020 ## - INTERNATIONAL STANDARD BOOK NUMBER
International Standard Book Number 9788191019551
082 ## - DEWEY DECIMAL CLASSIFICATION NUMBER
Classification number 615.53
Item number R11B
100 ## - MAIN ENTRY--PERSONAL NAME
Personal name BABU, RAMESH
245 ## - TITLE STATEMENT
Title RASACHANDANSHU
260 ## - PUBLICATION, DISTRIBUTION, ETC. (IMPRINT)
Place of publication, distribution, etc NEW DELHI
Name of publisher, distributor, etc CCRAS
Year of Publication 2011
300 ## - PAGE DESCRIPTION
No. of Pages 402,XVII
650 ## - SUBJECT ADDED ENTRY--TOPICAL TERM
Topical term or geographic name as entry element AYURVEDA
653 ## - KEYWORDS--INDEX TERM
Keyword term RASA, RASACHANDANSHU,CHANDANSHU
942 ## - ADDED ENTRY ELEMENTS (KOHA)
Source of classification or shelving scheme Dewey Decimal Classification
Koha item type Books
Holdings
Withdrawn status Lost status Source of classification or shelving scheme Damaged status Use restrictions Not for loan Collection code Home library Current library Shelving location Date acquired Vendor Name Cost, normal purchase price SGTU Bill Number Total Checkouts Full call number Accession No. (Barcode) Date last seen Bill Date Koha item type
    Dewey Decimal Classification   Restricted Access   AYURVEDA SGT FA-FP Library SGT FA-FP Library Reference Book 29/04/2026 ABC PVT. LTD. 300.00 SGTU 22873   615.53 R11B FA13410 29/04/2026 10/04/2026 Books
    Dewey Decimal Classification   Restricted Access   AYURVEDA SGT FA-FP Library SGT FA-FP Library Reference Book 29/04/2026 ABC PVT. LTD. 300.00 SGTU 22873   615.53 R11B FA13411 29/04/2026 10/04/2026 Books